000 00325nam a22001457a 4500
003 SGT
020 _a9788119114047
082 _a340.071
_bMEN
100 _aMENON MADHAVA N R
245 _aCLINICAL LEGAL EDUCATION
250 _a1
260 _aLUCKNOW
_bEASTERN BOOK COMPANY
_c2023
300 _aXVI ,311
942 _2ddc
_cBK
999 _c24015
_d24015